000 00476nam a22001457a 4500
999 _c521981
_d521981
008 230306b ||||| |||| 00| 0 eng d
100 _aGupta, A., Paikra, V.K. and Sharma, K.
_938236
245 _aSocial disadvantage and child mortality in India: 1993-2019
260 _aSocial Scientist
300 _a50(9-10), Sep, Oct, 2022: p.83-92
650 _aSocial disadvantage, Child mortality
_938237
773 _aSocial Scientist
906 _aCHILD WELFARE
942 _cAR